Szczegóły MARC21

Investment valuation : tools and techniques for determining the value of any asset /

003 -Nazwa inst., której nr kontr. jest w polu 001 [,]
    • @
    • Nazwa instytucji, której n kontrolny jest w polu 001
    • NUKAT
005 -DATA I CZAS OSTATNIEJ MODYFIKACJI [,]
    • @
    • pole kontrolne
    • 20241231105849.0
020 -Międzynarod. znormalizowany nr książki - ISBN [ , ]
    • a
    • Numer ISBN
    • 9781118011522 Find
    • q
    • Dopowiedzenie
    • cloth
020 -Międzynarod. znormalizowany nr książki - ISBN [ , ]
    • a
    • Numer ISBN
    • 9781118206553 Find
    • q
    • Dopowiedzenie
    • ebk
020 -Międzynarod. znormalizowany nr książki - ISBN [ , ]
    • a
    • Numer ISBN
    • 9781118130735 Find
    • q
    • Dopowiedzenie
    • paper
020 -Międzynarod. znormalizowany nr książki - ISBN [ , ]
    • a
    • Numer ISBN
    • 9781118206584 Find
    • q
    • Dopowiedzenie
    • ebk
020 -Międzynarod. znormalizowany nr książki - ISBN [ , ]
    • a
    • Numer ISBN
    • 9781118206546 Find
    • q
    • Dopowiedzenie
    • ebk
020 -Międzynarod. znormalizowany nr książki - ISBN [ , ]
    • a
    • Numer ISBN
    • 9781118206560 Find
    • q
    • Dopowiedzenie
    • ebk
020 -Międzynarod. znormalizowany nr książki - ISBN [ , ]
    • a
    • Numer ISBN
    • 9781118206577 Find
    • q
    • Dopowiedzenie
    • ebk
020 -Międzynarod. znormalizowany nr książki - ISBN [ , ]
    • a
    • Numer ISBN
    • 9781118206591 Find
    • q
    • Dopowiedzenie
    • ebk
040 -Instytucja sporządzająca opis [ , ]
    • a
    • Instytucja, która sporządziła opis (NP)
    • Ł U/ew
    • c
    • Instytucja, która sporządziła rekord (NP)
    • Ł U/ew
    • d
    • Instytucja, która zmodyfikowała rekord (P)
    • Ł U/ew
    • d
    • Instytucja, która zmodyfikowała rekord (P)
    • Ł U/MSs
942 -Rodzaj dokumentu [ , ]
    • c
    • Rodzaj dokumentu
    • Książka
100 -Hasło główne - nazwa osobowa [1, ]
    • a
    • Nazwa osobowa (NP)
    • Damodaran, Aswath
    • d
    • Daty biograficzne (NP)
    • (1957- ).
    • 9
    • KHW
    • 65316
245 -Strefa tytułu i oznaczenia odpowiedzialności [1,0]
    • a
    • Tytuł
    • Investment valuation : Find
    • b
    • Ciąg dalszy tytułu (NP)
    • tools and techniques for determining the value of any asset / Find
    • c
    • Pozostałe elementy strefy tytułu i oznaczenia odpowiedzialności (NP)
    • Aswath Damodaran.
250 -Strefa wydania [ , ]
    • a
    • Oznaczenie wydania (NP)
    • 3rd ed.
260 -Strefa adresu wydawniczego [ , ]
    • a
    • Miejsce wydania (P)
    • Hoboken :
    • b
    • Nazwa wydawcy (P)
    • John Wiley & Sons,
    • c
    • Data wydania (P)
    • 2012.
300 -Strefa opisu fizycznego [ , ]
    • a
    • Określenie formy książki i/lub objętość (NP)
    • XV, 974 s. :
    • b
    • Oznaczenie ilustracji (NP)
    • il. ;
    • c
    • Format (NP)
    • 26 cm.
336 -Typ zawartości [ , ]
    • a
    • Termin opisujący typ zawartości
    • Tekst
    • b
    • Kod określający zawartość
    • txt
    • 2
    • Źródło (terminu i kodu)
    • rdacontent
337 -Typ mediów [ , ]
    • a
    • Tryb odtwarzania
    • Bez urządzenia pośredniczącego
    • b
    • Kod typu mediów
    • n
    • 2
    • Źródło (terminu i kodu)
    • rdamedia
338 -Typ/rodzaj nośnika [ , ]
    • a
    • Hasło opisujące typ nośnika
    • Wolumin
    • b
    • Kod typu nośnika
    • nc
    • 2
    • Źródło (terminu i kodu)
    • rdacarrier
490 -Strefa serii i książki wielotomowej - forma nie do wyszukiwania [1, ]
    • a
    • Tytuł (P)
    • Wiley Finance Find
830 -Hasło dodatkowe serii i opisu książki wielotomowej - tytuł ujednolicony/tytuł [ ,0]
    • a
    • Tytuł ujednolicony/tytuł (NP)
    • Wiley Finance Series
    • 9
    • KHW
    • 10949
504 -Uwaga dot. bibliogr. załącznikowej [ , ]
    • a
    • Uwaga dot. bibliografii załącznikowej
    • Bibliogr. s. 939-953. Indeks.
080 -Uniwersalna Klasyfikacja Dziesiętna [ , ]
    • 2
    • Identyfikator wydania tablic
    • UDC-P058
    • 9
    • UKD
    • 2959
    • a
    • Symbol klasyfikacji
    • 330.322.5
    • b
    • Dopowiedzenie
    • Rentowność, efektywność inwestycji. Kalkulacja kosztów inwestycji. Mierzenie efektywności inwestycji.
    • 4
    • UKD2
    • 7644
    • x
    • Poddział wspólny
    • =111
    • c
    • Dopowiedzenie poddz. wspólnego
    • =Język angielski.
650 -Hasło przedmiotowe [ ,7]
    • a
    • Hasło przedmiotowe
    • Inwestycje
    • x
    • Określnik rzeczowy
    • ocena
    • x
    • Określnik rzeczowy
    • modele matematyczne.
    • 2
    • Źródło terminu
    • kaba
    • 9
    • KHW
    • 363091
650 -Hasło przedmiotowe [ ,7]
    • a
    • Hasło przedmiotowe
    • Przedsiębiorstwa
    • x
    • Określnik rzeczowy
    • ocena
    • x
    • Określnik rzeczowy
    • modele matematyczne.
    • 2
    • Źródło terminu
    • kaba
    • 9
    • KHW
    • 370573
980 -Symbol UKD [ , ]
    • a
    • UKD
    • 330.322.5=111
920 -ISBN [ , ]
    • a
    • ISBN
    • 978-1-118-01152-2 Find
    • q
    • Dopowiedzenie
    • cloth
920 -ISBN [ , ]
    • a
    • ISBN
    • 978-1-118-20655-3 Find
    • q
    • Dopowiedzenie
    • ebk
920 -ISBN [ , ]
    • a
    • ISBN
    • 978-1-118-13073-5 Find
    • q
    • Dopowiedzenie
    • paper
920 -ISBN [ , ]
    • a
    • ISBN
    • 978-1-118-20658-4 Find
    • q
    • Dopowiedzenie
    • ebk
920 -ISBN [ , ]
    • a
    • ISBN
    • 978-1-118-20654-6 Find
    • q
    • Dopowiedzenie
    • ebk
920 -ISBN [ , ]
    • a
    • ISBN
    • 978-1-118-20656-0 Find
    • q
    • Dopowiedzenie
    • ebk
920 -ISBN [ , ]
    • a
    • ISBN
    • 978-1-118-20657-7 Find
    • q
    • Dopowiedzenie
    • ebk
920 -ISBN [ , ]
    • a
    • ISBN
    • 978-1-118-20659-1 Find
    • q
    • Dopowiedzenie
    • ebk
Numer inwentarzowy Status udost. Data inwentaryzacji Lokalizacja Obwoluta
T.13481-22013-11-13T1
TM.10860-22014-03-11T